El cultivo del maíz. Temas selectos.
Guardat en:
| Autor principal: | |
|---|---|
| Altres autors: | |
| Format: | Llibre |
| Idioma: | espanyol |
| Publicat: |
México D.F., México:
Colegio de Postgraduados; Mundi-Prensa México,
2008-2010
|
| Edició: | 1a. Edición. |
| Col·lecció: | Biblioteca Básica de Agricultura, 1
|
| Matèries: | |
| Etiquetes: |
Afegir etiqueta
Sense etiquetes, Sigues el primer a etiquetar aquest registre!
|
MARC
| LEADER | 00000nam a2200000 a 4500 | ||
|---|---|---|---|
| 001 | UCH8596 | ||
| 003 | CL-VaPUC | ||
| 005 | 20241024164028.0 | ||
| 008 | 091203e20080000SP |||||||||||||||||spa|d | ||
| 999 | |c 338807 |d 338805 | ||
| 020 | |a 978-968-7462-55-4 v.1 México | ||
| 020 | |a 978-84-8476-349-9 v.1 España | ||
| 020 | |a 978- 607-7669-07-1 v.2 | ||
| 040 | |c Pontificia Universidad Católica de Valparaíso | ||
| 082 | 0 | 4 | |a 633.15 ROD 2008 v.1 |a 633.15 ROD 2010 v.2 |2 21 |
| 100 | |a Rodríguez Montessoro, Rafael |e coordinador |9 545235 | ||
| 245 | 1 | 3 | |a El cultivo del maíz. |b Temas selectos. |
| 250 | |a 1a. Edición. | ||
| 260 | |a México D.F., México: |b Colegio de Postgraduados; |b Mundi-Prensa México, |c 2008-2010 | ||
| 300 | |a 2 volúmenes | ||
| 490 | 0 | |a Biblioteca Básica de Agricultura, 1 | |
| 583 | |a last modification |c 20091203 00:00:00 |k Rodrigo Vera | ||
| 650 | |a Cultivo del maíz |9 404857 | ||
| 650 | 0 | |a Gramíneas |9 264203 | |
| 650 | 0 | |a Maíz |x Biocombustible |9 892769 | |
| 650 | 0 | |a Maíz |x Producción |9 643107 | |
| 700 | |a León Carlos De |e coordinador |9 545236 | ||
| 942 | |c BK |2 ddc | ||
| 945 | |d 20091203 00:00:00 |a rbrito | ||
| 952 | |0 0 |1 0 |4 0 |6 633_150000000000000_ROD_2008 |7 0 |8 A |9 431935 |a BIBAGR |b BIBAGR |d 2019-11-22 |i 4621441 |o 633.15 ROD 2008 |p 4621441 |r 2025-01-20 |w 2019-11-22 |y BK |k AGR | ||
| 952 | |0 0 |1 0 |2 ddc |4 0 |6 633_150000000000000_ROD_2008 |7 0 |8 A |9 582437 |a BIBAGR |b BIBAGR |c GEN |d 2022-04-05 |e 3 |g 19613.00 |h v.1 |i 5650545 |o 633.15 ROD 2008 |p 5650545 |r 2025-01-20 |t 2 |v 19613.00 |w 2022-04-05 |y BK |k AGR | ||
| 952 | |0 0 |1 0 |2 ddc |4 0 |6 633_150000000000000_ROD_2010 |7 0 |8 A |9 582438 |a BIBAGR |b BIBAGR |c GEN |d 2022-04-05 |e 3 |g 19613.00 |h v.2 |i 5650547 |o 633.15 ROD 2010 |p 5650547 |r 2025-01-20 |t 1 |v 19613.00 |w 2022-04-05 |y BK |k AGR | ||
| 952 | |0 0 |1 0 |2 ddc |4 0 |6 633_150000000000000_ROD_2008 |7 0 |8 A |9 582439 |a BIBAGR |b BIBAGR |c GEN |d 2022-04-05 |e 3 |g 19613.00 |h v.1 |i 5650546 |o 633.15 ROD 2008 |p 5650546 |r 2025-01-20 |t 3 |v 19613.00 |w 2022-04-05 |y BK |k AGR | ||
| 952 | |0 0 |1 0 |2 ddc |4 0 |6 633_150000000000000_ROD_2010 |7 0 |8 A |9 582440 |a BIBAGR |b BIBAGR |c GEN |d 2022-04-05 |e 3 |g 19613.00 |h v.2 |i 5650548 |o 633.15 ROD 2010 |p 5650548 |r 2025-01-20 |t 2 |v 19613.00 |w 2022-04-05 |y BK |k AGR | ||